000
00222nam a2200097Ia 4500
005
20251222113742.0
008
251222s1900||||xx |||||||||||||| ||spa||
082
_a
DVD0070/R25/1990
245
0
_a
Cyrano de Bergerac:
942
_c
DVD
999
_c
646
_d
646